000 00602nam a2200181Ia 4500
008 090124s9999 xx 000 0 und d
082 _b2690
100 _aभावे म.पां.
245 _a नाना -एक शिल्पकार
250 _a1
260 _bविश्र्वकर्मा साहित्यालय़
_c1967
300 _a393
600 _aभावे म.पां.
630 _a नाना -एक शिल्पकार
700 _aभावे म.पां.
730 _a नाना -एक शिल्पकार
942 _cBOOK
999 _c82555
_d82555